00980nam a2200265 a 450000100100000000500170001000800410002702000150006804000250008304100390010808200150014710000330016224000350019524501090023026000360033930000210037553400450039650000350044165000210047665000310049770000410052804900090056995201190057899900170069700002320520250707112615.0101130s1985 ag 000 0 spa d a950511043x aDO-SdBNPbspacBNPHU17aspabeng2Código de idiomas MARC a330bH466e1 aHeilbroner, Robert L.94777110aEconomics explainedlEspañol13aLa economía explicada /cRobert L. Heilbroner, Lester C. Thurow ; traducción Juan Carlos Cachanosky. aBuenos Aires :bAguilar,c1985. a284 p. ;c22 cm. aTítulo original :tEconomics explained aIncluye índice alfabético. 0aEconomia 985383 0aHistoria económica916201 aCachanosky, Juan Carlos,etr.947772 aBNGR 001054708MOaGRbGRcCTd2010-11-30iLF1l0o330 H466ep23205-10r2020-06-25w2020-06-25y4ZPréstamo en sala c22702d22702